Normal view
MARC view
Entry Personal Name
001 - CONTROL NUMBER
- control field: 49349
003 - CONTROL NUMBER IDENTIFIER
- control field: ARRUPE
005 - DATE AND TIME OF LATEST TRANSACTION
- control field: 20200204122010.0
008 - FIXED-LENGTH DATA ELEMENTS
- fixed length control field: 200204|| aca||aabn | a|a d
040 ## - CATALOGING SOURCE
- Original cataloging agency: ARRUPE
- Transcribing agency: ARRUPE
100 ## - HEADING--PERSONAL NAME
- Personal name: Charles
- Numeration: XIV John,
- Titles and other words associated with a name: King of Sweden and Norway,
- Dates associated with a name: 1763-1844
670 ## - SOURCE DATA FOUND
- Source citation: Work cat.: (ARRUPE)0: Barton, D. Plunket (Dunbar Plunket), Sir, 1853-1937. 49348, Bernadotte and Napoleon, 1763-1810,, 1921.